[Event "Vamos lá...."]
[Site "http://www.queenalice.com/game.php?id=498905"]
[Date "2008.11.27"]
[Round "-"]
[White "jcmlima"]
[Black "wteixeira"]
[Result "0-1"]
[WhiteElo "1605"]
[BlackElo "1500"]

1. e4 e5 2. Nf3 Nc6 3. c3 Nf6 4. d3 Bc5 5. Qd2 Ng4 6. d4 exd4 7. cxd4 Nxd4 8.
Nxd4 Qf6 9. f3 Ne5 10. Nf5 d6 11. Bd3 g6 12. Ne3 Be6 13. Qe2 a6 14. Nc3 Nc6 15.
Nc2 Qh4+ 16. g3 Qh3 17. Bg5 Qh5 18. Bf6 Rg8 19. h4 Ne5 20. Bxe5 Qxe5 21. f4 Qf6
22. e5 dxe5 23. Ne4 Qe7 24. fxe5 O-O-O 25. a3 Bb3 26. Nf6 Rh8 27. h5 g5 28. h6
Bd5 29. Rh5 Qe6 30. Rxg5 Qh3 31. Qh5 Qg2 32. O-O-O Bf3 33. Bf1 Rxd1# 0-1

[Event "LINGERIE II"]
[Site "http://www.queenalice.com/game.php?id=499047"]
[Date "2008.11.27"]
[Round "-"]
[White "perucona"]
[Black "wteixeira"]
[Result "0-1"]
[WhiteElo "1570"]
[BlackElo "1940"]

1. e4 e5 2. d4 d5 3. exd5 Nf6 4. Nc3 Nxd5 5. Nxd5 Qxd5 6. Qf3 Qxd4 7. Be3 Qb4+
8. Bd2 Qxb2 9. Rd1 Bb4 10. Qd3 Nc6 11. c3 Ba5 12. Bc1 Bxc3+ 13. Qxc3 Qxc3+ 14.
Bd2 Qc2 15. Rc1 Qxa2 16. Nf3 Bg4 17. Be2 O-O-O 18. O-O h6 19. Bc4 Qb2 20. Bc3
Qb6 21. Bxe5 Nxe5 22. Be2 Nd7 23. h3 Bxh3 24. gxh3 Qg6+ 25. Kh1 a6 26. Rc2 Qxc2
27. Ne1 Qxe2 28. Rg1 Rde8 29. Ng2 Qf3 30. h4 Re4 31. Kh2 Qxf2 32. Kh3 Qf3+ 33.
Kh2 Rg4 34. Ne1 Rxh4# 0-1

[Event "Challenge"]
[Site "http://www.queenalice.com/game.php?id=501643"]
[Date "2008.12.2"]
[Round "-"]
[White "jcmlima"]
[Black "wteixeira"]
[Result "0-1"]
[WhiteElo "1525"]
[BlackElo "1904"]

1. e4 e5 2. Nf3 Nc6 3. c3 Nf6 4. d3 Bc5 5. Bg5 h6 6. Bxf6 Qxf6 7. b4 Bb6 8. Be2
d6 9. Nbd2 Qg6 10. g3 Qh5 11. Nh4 Qg5 12. Ndf3 Qf6 13. b5 Na5 14. Qd2 Bg4 15. c4
O-O 16. Qc3 Bh3 17. a4 Bd4 18. Nxd4 exd4 19. Qxa5 b6 20. Qa6 Qg5 21. Qb7 Qc5 22.
Rb1 Qa3 23. Qxc7 Qa2 24. Qxd6 Qxb1+ 25. Bd1 Bg4 26. f3 Rfd8 27. Qc6 Be6 28. O-O
Qxd3 29. f4 Bh3 30. Re1 Qd2 31. Re2 Qxd1+ 32. Kf2 Qf1# 0-1

[Event "Challenge"]
[Site "http://www.queenalice.com/game.php?id=503825"]
[Date "2008.12.6"]
[Round "-"]
[White "ZUMBI"]
[Black "wteixeira"]
[Result "0-1"]
[WhiteElo "1842"]
[BlackElo "1943"]

1. e4 e5 2. Nf3 Nc6 3. Nc3 Bc5 4. Bc4 Qe7 5. Nd5 Qd6 6. Ng5 Nh6 7. a3 Na5 8. Bb5
c6 9. Ba4 cxd5 10. b4 Bd4 11. bxa5 Bxa1 12. Qf3 b6 13. Bb3 Ba6 14. d3 Bc3+ 15.
Bd2 Qc6 16. Bxd5 Qb5 17. Nxf7 Rf8 18. Bxa8 Rxf7 19. Qh5 g6 20. Qxh6 Qb1+ 21. Ke2
Qxh1 22. Bxc3 Re7 23. Qg5 Qxh2 24. Bb4 Rf7 25. Bd5 Rg7 26. f4 exf4 27. Qe5+ Kd8
28. Qxg7 Qxg2+ 29. Kd1 Qg1+ 30. Kd2 Qg5 31. Bd6 f3+ 32. Kc3 Kc8 33. Qg8+ Qd8 34.
Qxh7 f2 35. Be7 Qe8 36. axb6 f1=Q 37. bxa7 Bb7 38. Bxb7+ Kxb7 39. Bc5 Qe5+ 40.
Bd4 Qa1+ 41. Kd2 Qexd4 42. a8=Q+ Kxa8 43. Qg8+ Ka7 44. Qb3 Qf2# 0-1

[Event "Challenge"]
[Site "http://www.queenalice.com/game.php?id=503826"]
[Date "2008.12.6"]
[Round "-"]
[White "wteixeira"]
[Black "ZUMBI"]
[Result "1-0"]
[WhiteElo "1944"]
[BlackElo "1842"]

1. e4 e5 2. d3 Nc6 3. Nf3 Nf6 4. Bg5 Be7 5. Nc3 O-O 6. Qd2 a5 7. Nb5 Ng4 8.
O-O-O Nb4 9. Nc3 h6 10. Bh4 Bxh4 11. Nxh4 Qxh4 12. g3 Qf6 13. Bh3 d6 14. Rdf1 c5
15. Bg2 Be6 16. b3 Rfd8 17. h3 d5 18. a3 Nc6 19. exd5 Bxd5 20. Nxd5 Qf5 21. hxg4
Qxg4 22. Nb6 Ra6 23. Bh3 Qh5 24. Nd7 Nd4 25. Nxc5 Nf3 26. Qe3 Rc6 27. Bd7 Rc7
28. Rxh5 Ng5 29. Qxe5 b6 30. Qxc7 Rf8 31. Qxb6 g6 32. Rxh6 Kg7 33. Rh4 Nf3 34.
Rh3 Ne5 35. Qd6 Nf3 36. Qe7 Nd4 37. Qe5+ f6 38. Qxd4 Rd8 39. Ne6+ Kf7 40. Nxd8+
Ke7 41. Bc6 a4 42. Rh7+ Kf8 43. Qxf6+ Kg8 44. Qg7# 1-0

[Event "Let's Play Chess!"]
[Site "http://www.queenalice.com/game.php?id=505345"]
[Date "2008.12.10"]
[Round "-"]
[White "wteixeira"]
[Black "charles31"]
[Result "1-0"]
[WhiteElo "1753"]
[BlackElo "1807"]

1. d4 d5 2. e3 e6 3. a3 a6 4. Nf3 Nc6 5. g3 Nf6 6. Bh3 h6 7. Nc3 Be7 8. Qd3 Bd6
9. Bd2 g5 10. O-O-O g4 11. Bxg4 Nxg4 12. Qe2 Qf6 13. Be1 Bd7 14. e4 dxe4 15.
Nxe4 Qg7 16. Nxd6+ cxd6 17. d5 Nce5 18. dxe6 fxe6 19. Bc3 O-O-O 20. h3 Nxf3 21.
Bxg7 Rhg8 22. hxg4 Rxg7 23. Qxf3 Bc6 24. Qc3 Rh7 25. g5 h5 26. g6 Rh6 27. g7 Kb8
28. Rh4 d5 29. Qe5+ Ka8 30. g4 Rg6 31. Rxh5 Rxg4 32. Rh8 1-0

[Event "Challenge"]
[Site "http://www.queenalice.com/game.php?id=506176"]
[Date "2008.12.11"]
[Round "-"]
[White "wteixeira"]
[Black "jcmlima"]
[Result "1-0"]
[WhiteElo "1909"]
[BlackElo "1533"]

1. d4 d5 2. e3 e6 3. a3 Nc6 4. Nf3 f6 5. h3 Nge7 6. Bb5 a6 7. Bxc6+ Nxc6 8. Nc3
Bd6 9. Bd2 b5 10. Qe2 O-O 11. Nh4 g5 12. Qg4 Bd7 13. O-O-O e5 14. Nf5 Bxf5 15.
Qxf5 Rb8 16. Nxd5 Rf7 17. Bb4 Bxb4 18. Nxb4 Nxb4 19. axb4 Qe7 20. c3 Ra8 21. Kd2
a5 22. Ra1 a4 23. Rhe1 Ra6 24. Qc8+ Rf8 25. Qxa6 Qd7 26. b3 axb3 27. Rab1 Qd5
28. e4 Qc4 29. d5 Rd8 30. Qxf6 1-0

[Event "Challenge"]
[Site "http://www.queenalice.com/game.php?id=507399"]
[Date "2008.12.14"]
[Round "-"]
[White "Danilo"]
[Black "wteixeira"]
[Result "1-0"]
[WhiteElo "1759"]
[BlackElo "1900"]

1. e4 d5 2. e5 e6 3. d4 Nc6 4. Nf3 h6 5. a3 Nge7 6. c3 Ng6 7. Be3 Nh4 8. g3 Nf5
9. Bd2 Be7 10. h4 Na5 11. b4 Nc4 12. Bxc4 dxc4 13. Bf4 O-O 14. g4 Nxh4 15. Nxh4
Bxh4 16. Qd2 Bd7 17. Bxh6 Bc6 18. Rh2 Bf3 19. Bf4 Bxg4 20. Qe3 g5 21. Bg3 Bf5
22. Nd2 b5 23. O-O-O Bg4 24. Rg1 Qd5 25. Bxh4 gxh4 26. Rxg4+ Kh7 27. Rhxh4# 1-0

[Event "AUTO-MASTER-689"]
[Site "http://www.queenalice.com/game.php?id=509007"]
[Date "2008.12.17"]
[Round "1"]
[White "wteixeira"]
[Black "no_master"]
[Result "0-1"]
[WhiteElo "1914"]
[BlackElo "2106"]

1. d4 Nf6 2. Nf3 c6 3. c4 e6 4. a3 d5 5. Nbd2 Bd6 6. e3 Nbd7 7. Bd3 b6 8. h3 a5
9. Be2 c5 10. dxc5 bxc5 11. cxd5 exd5 12. Bb5 O-O 13. Bc6 Ra6 14. Bxd7 Qxd7 15.
O-O a4 16. Nh4 Bb7 17. b3 Be5 18. Bb2 Bxb2 19. Rb1 Bxa3 20. Qe2 Re6 21. Ndf3 Ne4
22. Nf5 Nc3 23. Qd3 Nxb1 24. Qxb1 axb3 25. Qxb3 Bb4 26. Rd1 Ra8 27. e4 Rxe4 28.
N5h4 Ra3 29. Qb1 f5 30. Ng5 Rxh4 31. Nf3 Rxf3 32. gxf3 f4 33. Re1 Bxe1 0-1

[Event "AUTO-MASTER-689"]
[Site "http://www.queenalice.com/game.php?id=509008"]
[Date "2008.12.17"]
[Round "1"]
[White "no_master"]
[Black "wteixeira"]
[Result "1-0"]
[WhiteElo "2099"]
[BlackElo "1931"]

1. e4 e5 2. Nf3 Nc6 3. Bb5 Nd4 4. Nxd4 exd4 5. O-O a6 6. Be2 d6 7. c3 c5 8. cxd4
Nf6 9. d3 h6 10. Nc3 cxd4 11. Qa4+ Bd7 12. Qxd4 Be7 13. Be3 O-O 14. Qb6 Rb8 15.
Rac1 Ng4 16. Qxd8 Bxd8 17. Bf4 Bc7 18. Nd5 Ba5 19. b4 g5 20. Bxd6 Rfc8 21. Ne7+
Kf8 22. bxa5 Re8 23. Nf5+ Kg8 24. Bxg4 Rbd8 25. e5 Bb5 26. Rc3 Rc8 27. Nxh6+ Kh8
28. Bxc8 Kh7 29. Nxf7 Rg8 30. Bf5+ Kg7 31. e6 Kf6 32. Bg4 1-0

[Event "AUTO-MASTER-689"]
[Site "http://www.queenalice.com/game.php?id=509009"]
[Date "2008.12.17"]
[Round "1"]
[White "wteixeira"]
[Black "jagvg"]
[Result "0-1"]
[WhiteElo "1973"]
[BlackElo "2270"]

1. Nf3 c5 2. d4 cxd4 3. Nxd4 d5 4. a3 e5 5. Nb5 Qa5+ 6. N1c3 a6 7. Qxd5 axb5 8.
Bd2 b4 9. Nb5 Nc6 10. e3 Nf6 11. Qf3 Bc5 12. Be2 Bg4 13. Qg3 Bxe2 14. Qxg7 Ke7
15. Kxe2 Qxb5+ 16. Ke1 Rhg8 17. Qh6 Rxg2 18. Qh3 Rag8 19. axb4 Rg1+ 0-1

[Event "AUTO-MASTER-689"]
[Site "http://www.queenalice.com/game.php?id=509010"]
[Date "2008.12.17"]
[Round "1"]
[White "jagvg"]
[Black "wteixeira"]
[Result "1-0"]
[WhiteElo "2273"]
[BlackElo "1964"]

1. d4 d5 2. c4 c5 3. cxd5 Qxd5 4. e3 a6 5. Nc3 Qf5 6. Bd3 Qd7 7. Nf3 Nf6 8. O-O
e6 9. Na4 Bd6 10. Nb6 Qc6 11. dxc5 Ra7 12. Nxc8 Qxc8 13. cxd6 O-O 14. e4 Ne8 15.
e5 Nc6 16. Bxh7+ Kxh7 17. Ng5+ Kg8 18. Qh5 Nf6 19. exf6 Re8 20. Qxf7+ Kh8 21.
Qxg7# 1-0

[Event "AUTO-MASTER-689"]
[Site "http://www.queenalice.com/game.php?id=509011"]
[Date "2008.12.17"]
[Round "1"]
[White "wteixeira"]
[Black "Rutty"]
[Result "0-1"]
[WhiteElo "1956"]
[BlackElo "2028"]

1. d4 d5 2. a3 Nf6 3. Bg5 e6 4. Qd3 Be7 5. e3 O-O 6. Nf3 c5 7. Bxf6 Bxf6 8. Qc3
c4 9. Be2 Nc6 10. Ne5 Nxe5 11. dxe5 Be7 12. O-O b5 13. Qd4 Qc7 14. Nc3 Bd7 15.
Qf4 f6 16. Rfd1 fxe5 17. Qg4 Rf7 18. Qh3 Raf8 19. Bg4 Qd6 20. e4 d4 21. Nd5 Rxf2
22. Rf1 Rxf1+ 23. Rxf1 Rxf1+ 24. Kxf1 exd5 25. Bxd7 dxe4 26. Qf5 Qf6 27. Be6+
Kh8 28. Kg1 Qxf5 29. Bxf5 e3 0-1

[Event "AUTO-MASTER-689"]
[Site "http://www.queenalice.com/game.php?id=509012"]
[Date "2008.12.17"]
[Round "1"]
[White "Rutty"]
[Black "wteixeira"]
[Result "1-0"]
[WhiteElo "2035"]
[BlackElo "1982"]

1. e4 e5 2. Nf3 d6 3. Bc4 Be6 4. Qe2 h6 5. Nc3 Nc6 6. h3 Na5 7. Bxe6 fxe6 8. O-O
Nf6 9. d3 Nc6 10. Be3 d5 11. Bd2 Nb4 12. Rfc1 Qd7 13. a3 Na6 14. Nxe5 Qd6 15.
Ng6 Rg8 16. e5 Qc5 17. exf6 Bd6 18. Qxe6+ Be7 19. Nxe7 Rf8 20. Nc6+ Qe7 21.
Qxe7# 1-0

[Event "Challenge"]
[Site "http://www.queenalice.com/game.php?id=519868"]
[Date "2009.1.9"]
[Round "-"]
[White "jcmlima"]
[Black "wteixeira"]
[Result "1-0"]
[WhiteElo "1568"]
[BlackElo "1867"]

1. e4 e5 2. Nf3 Nc6 3. c3 Nf6 4. d3 d6 5. Bg5 Be7 6. Bxf6 Bxf6 7. d4 a6 8. d5
Na5 9. b4 c6 10. bxa5 Qxa5 11. Bd3 Bd7 12. O-O Bg4 13. c4 O-O 14. h3 Bxf3 15.
Qxf3 Qc5 16. Nd2 Qd4 17. Nb3 Qb2 18. Rfb1 Qc3 19. Be2 Qxf3 20. Bxf3 cxd5 21.
cxd5 Rac8 22. Na5 Rc7 23. Nxb7 Be7 24. Na5 Rc2 25. Nc6 Bh4 26. g3 Bg5 27. h4 Rc3
28. hxg5 Rxf3 29. Rb8 f6 30. gxf6 Rxf6 31. Rxf8+ Rxf8 32. Rc1 Rc8 33. Ne7+ 1-0

[Event "Rock´n´Roll"]
[Site "http://www.queenalice.com/game.php?id=519894"]
[Date "2009.1.9"]
[Round "-"]
[White "bobifixer"]
[Black "wteixeira"]
[Result "1-0"]
[WhiteElo "1805"]
[BlackElo "1744"]

1. d4 d5 2. Nf3 h6 3. g3 Nf6 4. Bg2 e6 5. c4 dxc4 6. Qa4+ Nc6 7. Qxc4 Be7 8. O-O
e5 9. dxe5 Na5 10. Qa4+ c6 11. exf6 Bxf6 12. Nc3 Bd7 13. Qe4+ Be6 14. Bf4 O-O
15. Rfd1 Qb6 16. Na4 Qa6 17. Nc5 Qb5 18. Nxe6 fxe6 19. Qxe6+ Rf7 20. Rd7 Rf8 21.
Rad1 c5 22. Ne5 Qxe2 23. Bf3 Bxe5 24. Bxe2 Kh7 25. Rxf7 1-0

[Event "Challenge"]
[Site "http://www.queenalice.com/game.php?id=527304"]
[Date "2009.1.22"]
[Round "-"]
[White "jcmlima"]
[Black "wteixeira"]
[Result "1-0"]
[WhiteElo "1596"]
[BlackElo "1825"]

1. e4 e5 2. Nf3 Nc6 3. Be2 Nf6 4. d3 h6 5. O-O Bc5 6. c3 O-O 7. b4 Bd6 8. Be3
Ng4 9. h3 Nxe3 10. fxe3 a5 11. b5 Ne7 12. c4 c5 13. Nc3 Ng6 14. a4 Nh4 15. Nd5
Nxf3+ 16. Bxf3 Qg5 17. d4 exd4 18. exd4 cxd4 19. Qxd4 Qg3 20. c5 Qh2+ 21. Kf2
Be5 22. Qd1 Qg3+ 23. Ke3 Bxa1 24. Qxa1 Rb8 25. Nf4 d6 26. Rc1 g5 27. Nh5 Qh2 28.
Qg7# 1-0

[Event "Challenge"]
[Site "http://www.queenalice.com/game.php?id=533012"]
[Date "2009.2.1"]
[Round "-"]
[White "roda"]
[Black "wteixeira"]
[Result "1-0"]
[WhiteElo "1981"]
[BlackElo "1790"]

1. e4 e5 2. Nf3 Nf6 3. d4 d5 4. Bg5 Nc6 5. Bb5 dxe4 6. Bxc6+ bxc6 7. Nxe5 Qe7 8.
Nxc6 Qd6 9. Ne5 h6 10. Bf4 Be7 11. Nxf7 Bg4 12. Nxd6+ cxd6 13. f3 1-0

[Event "Challenge"]
[Site "http://www.queenalice.com/game.php?id=533013"]
[Date "2009.2.1"]
[Round "-"]
[White "wteixeira"]
[Black "roda"]
[Result "0-1"]
[WhiteElo "1779"]
[BlackElo "1989"]

1. e4 e5 2. Nf3 Nf6 3. d4 d5 4. h3 exd4 5. Nxd4 Nxe4 6. Be3 c5 7. Nb5 Nc6 8. Bf4
Qe7 9. Bd3 Nc3+ 10. Be3 Nxd1 0-1

[Event "Challenge"]
[Site "http://www.queenalice.com/game.php?id=533976"]
[Date "2009.2.3"]
[Round "-"]
[White "jcmlima"]
[Black "wteixeira"]
[Result "1-0"]
[WhiteElo "1626"]
[BlackElo "1770"]

1. e4 e5 2. Nf3 Nf6 3. d3 Nc6 4. Nc3 h6 5. a3 d5 6. exd5 Nxd5 7. Nxd5 Qxd5 8. c4
Qc5 9. b4 Bg4 10. bxc5 Bxc5 11. h3 Bxf3 12. Qxf3 O-O 13. Be2 Nd4 14. Qxb7 Nc2+
15. Kf1 Nxa1 16. Qxc7 Nb3 17. Be3 Bxa3 18. Qxe5 Rad8 19. Qc3 Rb8 20. Bxa7 Rb7
21. Bd4 Nd2+ 22. Qxd2 Rb1+ 23. Bd1 Bc1 24. Qe2 Ba3 25. g4 f6 26. Kg2 Bd6 27.
Qe6+ Kh7 28. Qxd6 1-0